000 00263nam a22001217a 4500
008 180314b xxu||||| |||| 00| 0 eng d
041 _aeng
080 _a7
100 _a45
101 _aart
245 _amodern american painting
_chenri.. s
942 _2udc
_cBK
999 _c45065
_d45065